000 00444 a2200157 4500
999 _c8508
_d8508
020 _a9780099538158
050 _aPS 3567 QUI 1991
100 _aQuindlen Anna
_eauthor
245 _aObject lessons
_cAnna Quindlen
264 _aLondon :
_bWindmill,
_c1991.
300 _a277p.:
500 _aincludes an abstract
650 _aIrish Americans .
_x New York -- Fiction
650 _aLife change events
_xFiction.
942 _2lcc
_cBK
_h3567
_iQUI
_kPS